000 00406nam a2200145 a 4500
001 000028752
005 20200930055121.0
008 110412s1976 dr 000 0 spa d
040 _aDO-SdBNP
_bspa
_cBNPHU
100 1 _aBastardo, Jesús María
_955750
245 1 0 _aRosas de oriente /
_cJesús María Bastardo.
260 _aSanto Domingo :
_b[s.n.],
_c1976.
300 _a[40] p. ;
_c22 cm.
049 _aBNPD
999 _c28244
_d28244